| 000 | 00831cam a22002535a 4500 | ||
|---|---|---|---|
| 999 |
_c7906 _d7906 |
||
| 001 | 13392763 | ||
| 003 | GBCCL | ||
| 005 | 20241126110639.0 | ||
| 008 | 031103s2003 enka d 000 0 eng | ||
| 010 | _a 2003279775 | ||
| 020 | _a0195167473 | ||
| 040 |
_aDLC _cDLC _dDLC |
||
| 050 | 0 | 0 |
_aPE1628 _b.O8695 2003 |
| 082 | 0 | 0 |
_a423 _222 _bOXF |
| 245 | 0 | 0 | _aOxford essential dictionary. |
| 250 | _aAmerican ed. | ||
| 260 |
_aOxford ; _aNew York : _bOxford University Press, _cc2003. |
||
| 300 |
_axvii, 810 p. : _bill. ; _c18 cm. |
||
| 650 | 0 |
_aEnglish language _vDictionaries. _913776 |
|
| 856 | 4 | 2 |
_3Publisher description _uhttp://www.loc.gov/catdir/enhancements/fy0635/2003279775-d.html |
| 906 |
_a7 _bcbc _corignew _d2 _encip _f20 _gy-gencatlg |
||
| 942 |
_2ddc _cREF |
||